Cambrian Brachiopoda, (Record no. 25217)

MARC details
000 -LEADER
fixed length control field 00758cam a22002411 4500
001 - CONTROL NUMBER
control field gs 13000001
003 - CONTROL NUMBER IDENTIFIER
control field DLC
005 - DATE AND TIME OF LATEST TRANSACTION
control field 20260227111313.0
008 - FIXED-LENGTH DATA ELEMENTS--GENERAL INFORMATION
fixed length control field 730208s1912 dcuaf b f000 0 eng
010 ## - LIBRARY OF CONGRESS CONTROL NUMBER
LC control number gs 13000001
035 ## - SYSTEM CONTROL NUMBER
System control number (OCoLC)555656
040 ## - CATALOGING SOURCE
Original cataloging agency DLC
Transcribing agency ODaWU
Modifying agency OCoLC
-- DLC
050 00 - LIBRARY OF CONGRESS CALL NUMBER
Classification number QE75
Item number .M7 v. 51
051 ## - LIBRARY OF CONGRESS COPY, ISSUE, OFFPRINT STATEMENT
Classification number QE769
Item number .W16 1912
100 1# - MAIN ENTRY--PERSONAL NAME
Personal name Walcott, Charles D.
Fuller form of name (Charles Doolittle),
Dates associated with a name 1850-1927.
245 10 - TITLE STATEMENT
Title Cambrian Brachiopoda,
Statement of responsibility, etc. by Charles D. Walcott.
260 ## - PUBLICATION, DISTRIBUTION, ETC.
Place of publication, distribution, etc. Washington,
Name of publisher, distributor, etc. Govt. print. off.,
Date of publication, distribution, etc. 1912.
300 ## - PHYSICAL DESCRIPTION
Extent 2 v.
Other physical details illus., civ pl.
Dimensions 30 cm.
410 20 - SERIES STATEMENT/ADDED ENTRY--CORPORATE NAME [OBSOLETE, CAN/MARC], [LOCAL, USA]
Corporate name or jurisdiction name as entry element Geological Survey (U.S.).
Title of a work Monographs,
Volume number/sequential designation v. 51
504 ## - BIBLIOGRAPHY, ETC. NOTE
Bibliography, etc. note Bibliography: p. 13-26.
505 0# - FORMATTED CONTENTS NOTE
Formatted contents note pt. 1. Text.--pt. 2. Plates.
650 #0 - SUBJECT ADDED ENTRY--TOPICAL TERM
Topical term or geographic name entry element Brachiopoda, Fossil.

No items available.

Powered by Koha